000
00322nam a2200109Ia 4500
008
200302s9999 xx 000 0 und d
100
_a
Wenyi zhou and pierre chambron
245
_a
DE L' Architecture A L A ville from architecture to the city
260
_b
Design Media Publishing (UK) Ltd.,
260
_c
2012
300
_a
242
999
_c
6238
_d
6238